Summary of world food and agricultural statistics

Guardat en:
Dades bibliogràfiques
Format: Llibre
Idioma:Undetermined
Publicat: Rome, Italy FAO 2004
Matèries:
Etiquetes: Afegir etiqueta
Sense etiquetes, Sigues el primer a etiquetar aquest registre!
Thư viện lưu trữ: Trung tâm Học liệu Trường Đại học Cần Thơ
LEADER 00448nam a2200169Ia 4500
001 CTU_69601
008 210402s9999 xx 000 0 und d
082 |a 630.0212 
082 |b S955 
245 0 |a Summary of world food and agricultural statistics 
260 |a Rome, Italy 
260 |b FAO 
260 |c 2004 
650 |a Agriculture 
650 |x Statistics 
904 |i Minh, Năm 
980 |a Trung tâm Học liệu Trường Đại học Cần Thơ